Top 30 Most Famous Countries - Statistics

General Stats
  • This quiz has been taken 59 times
  • The average score is 24 of 30
Answer Stats
Famous Rank Country % Correct
2 China
100%
10 Brazil
98%
6 France
98%
8 Japan
98%
3 Russia
98%
5 United Kingdom
98%
1 United States
98%
11 Germany
96%
9 India
96%
4 Mexico
96%
16 Spain
96%
12 Canada
95%
7 Australia
91%
21 Iran
91%
17 Italy
89%
25 Sweden
88%
15 South Korea
86%
20 Iraq
82%
14 Greece
79%
23 Indonesia
79%
29 Norway
77%
13 North Korea
74%
18 Saudi Arabia
74%
19 Switzerland
74%
27 Vietnam
70%
22 Thailand
68%
28 Belgium
65%
24 Syria
61%
26 Bangladesh
25%
30 Kosovo
2%
No matching quizzes found
Score Distribution
Percent of People with Each Score
Percentile by Number Answered
Your Score History
You have not taken this quiz